000 00811nam a2200241Ia 4500
003 OSt
005 20220923211951.0
006 a|||||r|||| 00| 0
007 ta
008 220922b |||||||| |||| 00| 0 san d
024 _a75,855
037 _cTextual
040 _aARTS
_cARTS
_bsan
041 _2san
_asan
082 _aR625:14x1:1, 15K3
100 _aउपाध्याय, गोकुलनाथ
245 0 _aसूक्तिमुक्तावली
246 _aSūktimuktāvalī
260 _aवाराणसी
_b वाराणसी संस्कृत विश्वविद्यालय
_c1963
300 _a134पृ0
_ccm.
942 _hR625:14x1:1, 15K3
_cTEXL
_2CC
999 _c305021
_d305021